LEADER 01008cam2-2200325---450- 001 990005768110403321 005 20110830133811.0 035 $a000576811 035 $aFED01000576811 035 $a(Aleph)000576811FED01 035 $a000576811 100 $a19990604d1938----km-y0itay50------ba 101 0 $aita$alat 105 $aa-------001yy 200 1 $a<>Gargano$fD.T. Leccisotti 210 $aMontecassino$c[s. n.]$d1938 215 $a69 p., 3 c. di tav.$cill.$d26 cm 225 1 $aMiscellanea cassinese$v15 461 0$1001000576804$12001$a<>colonie cassinesi in Capitanata 610 0 $aAbbazia di Montecassino$aColonie$aCapitanata$aGargano 676 $a271.1$v21$zita 700 1$aLeccisotti,$bTommaso$f<1895-1982>$0211263 801 0$aIT$bUNINA$gRICA$2UNIMARC 901 $aBK 912 $a990005768110403321 952 $a271.1 LEC 1 (2 BIS)$bIST.GLOTT. S.I.$fFLFBC 952 $a271.1 LEC 1 (2)$bs.i.$fFLFBC 959 $aFLFBC 996 $aGargano$9571071 997 $aUNINA LEADER 01225nam a2200349 i 4500 001 991000644069707536 005 20020507171659.0 008 940415s1985 de ||| | eng 020 $a3540156631 035 $ab10737212-39ule_inst 035 $aLE01300055$9ExL 040 $aDip.to Matematica$beng 082 0 $a515.785 084 $aAMS 20F29 084 $aAMS 46L40 084 $aAMS 46L55 100 1 $aOcneanu, Adrian$0441167 245 10$aActions of discrete amenable groups on von Neumann algebras /$cAdrian Ocneanu 260 $aBerlin ; New York :$bSpringer-Verlag,$c1985 300 $a114 p. ;$c24 cm 490 0 $aLecture notes in mathematics,$x0075-8434 ;$v1138 500 $aBibliography: p. [112]-114 500 $aIncludes indexes 650 4$aAutomorphisms 650 4$aRepresentations of groups 650 4$aVon Neumann algebras 907 $a.b10737212$b23-02-17$c28-06-02 912 $a991000644069707536 945 $aLE013 46L OCN11 (1985)$g1$i2013000141848$lle013$o-$pE0.00$q-$rl$s- $t0$u0$v0$w0$x0$y.i10827419$z28-06-02 996 $aActions of discrete amenable groups on von Neumann algebras$978469 997 $aUNISALENTO 998 $ale013$b01-01-94$cm$da $e-$feng$gde $h0$i1 LEADER 01042nam a2200265 i 4500 001 991000368339707536 005 20020506125710.0 008 950615s1990 it ||| | ita 035 $ab10690281-39ule_inst 035 $aEXGIL144344$9ExL 040 $aBiblioteca Interfacoltà$bita 100 1 $aPretini, Giancarlo$0309679 245 10$aThesaurus circensis /$ca cura di Giancarlo Pretini 260 $aUdine :$bTrapezio libri,$cstampa 1990 300 $a2 v. (1290 p.compless.) :$bill ;$c30 cm. 440 2$aI grandi libri ;$v10-11 500 $aIn custodia. 650 4$aCirchi equestri$xStoria 907 $a.b10690281$b02-04-14$c28-06-02 912 $a991000368339707536 945 $aLE002 Ar. IV L 15/I$g1$i2002000982919$lle002$o-$pE0.00$q-$rl$s- $t0$u0$v0$w0$x0$y.i10784391$z28-06-02 945 $aLE002 Ar. IV L 15/II$cV. 2$g1$i2002000982926$lle002$o-$pE0.00$q-$rl$s- $t0$u0$v0$w0$x0$y.i15119919$z29-04-10 996 $aThesaurus circensis$9908762 997 $aUNISALENTO 998 $ale002$b01-01-95$cm$da $e-$fita$git $h0$i1 LEADER 01227oas 22005053a 450 001 9910894315503321 005 20260218110426.0 011 $a2160-7575 035 $a(DE-599)ZDB2634010-0 035 $a(OCoLC)710060701 035 $a(CONSER) 2011201733 035 $a(CKB)2670000000097386 035 $a(DE-599)2634010-0 035 $a(EXLCZ)992670000000097386 100 $a20110331a20119999 uy a 101 0 $achi 135 $aur||||||||||| 181 $ctxt$2rdacontent 182 $cc$2rdamedia 183 $acr$2rdacarrier 200 $a???? =$eApplied Physics 210 $aIrvine, CA $cHans si chu ban she 311 08$a2160-7567 517 1 $aApplied physics 606 $aPhysics$vPeriodicals 606 $aPhysics$2fast$3(OCoLC)fst01063025 608 $aPeriodicals.$2fast 615 0$aPhysics 615 7$aPhysics. 676 $a301 712 02$aHans Publishers. 801 0$bDLC 801 1$bDLC 801 2$bDLC 801 2$bOCLCQ 801 2$bZ5A 801 2$bOCLCO 801 2$bOCLCF 801 2$bVT2 801 2$bOCLCQ 801 2$bOCLCL 906 $aJOURNAL 912 $a9910894315503321 996 $a????$94543881 997 $aUNINA